How to Win Friends & Influence People (Record no. 86856)

MARC details
000 -LEADER
fixed length control field 00453nam a2200181Ia 4500
005 - DATE AND TIME OF LATEST TRANSACTION
control field 20251121141805.0
008 - FIXED-LENGTH DATA ELEMENTS--GENERAL INFORMATION
fixed length control field 230125s9999 xx 000 0 und d
020 ## - INTERNATIONAL STANDARD BOOK NUMBER
International Standard Book Number 0-7493-0784-6
041 ## - LANGUAGE CODE
Language code of text/sound track or separate title eng
082 ## - DEWEY DECIMAL CLASSIFICATION NUMBER
Classification number 158.1
Item number CAM
100 ## - MAIN ENTRY--PERSONAL NAME
Author Carnegie D
245 ## - TITLE STATEMENT
Title How to Win Friends & Influence People
260 ## - PUBLICATION, DISTRIBUTION, ETC.
Date of publication, distribution, etc. 1981
Name of publisher, distributor, etc. Vermilion publisher
Place of publication, distribution, etc. London
300 ## - PHYSICAL DESCRIPTION
Extent 250p
500 ## - GENERAL NOTE
Keywords Personality Development,
700 ## - ADDED ENTRY--PERSONAL NAME
Personal name Carnegie D
942 ## - ADDED ENTRY ELEMENTS (KOHA)
Koha item type Books
Holdings
Withdrawn status Lost status Damaged status Not for loan Home library Current library Date acquired Vendor Net Price Full call number Barcode Date last seen Actual Price Bill Date Koha item type Original Barcode Total Checkouts
        Smt. Hiraben Nanavati Institute of Management & Research for Women Smt. Hiraben Nanavati Institute of Management & Research for Women 14/09/2015 Donated Book- Outside Donar 1.00 158.1 CAM DB2196 HIMR-DB-2196 25/01/2023 1.00 25/01/2023 Donated Book DB2196  
        Smt. Hiraben Nanavati Institute of Management & Research for Women Smt. Hiraben Nanavati Institute of Management & Research for Women 22/03/2002 Crossword 95.00 158.1 CAM B02999 HIMR-BK-2999 25/01/2023 95.00 22/03/2002 Books B02999